[Event "3. Iberoamericana Final"]
[Site "Mexico MEX"]
[Date "2010.11.21"]
[Round "2.4"]
[White "Milos, Gilberto"]
[Black "Narciso Dublan, Marc"]
[Result "1/2-1/2"]
[WhiteElo "2596"]
[BlackElo "2536"]
[PlyCount "94"]
[EventDate "2010.11.18"]
[EventType "k.o."]
[EventCountry "MEX"]
[Source "lmi"]
[SourceDate "2010.11.13"]

1. d4 f5 2. g3 Nf6 3. Bg2 e6 4. c4 c6 5. Qc2 d5 6. Nh3 Bd6 7. O-O O-O 8. Bf4
Be7 9. Nd2 Na6 10. Bg5 h6 11. Bxf6 Bxf6 12. e3 g5 13. f4 Bd7 14. Nf2 Be8 15.
Nd3 Qe7 16. Nf3 Bh5 17. Nfe5 Rac8 18. Rac1 Rc7 19. Qc3 Rfc8 20. b4 Nb8 21. a4
Be2 22. Rf2 Bxd3 23. Nxd3 Kg7 24. Qb3 Nd7 25. Ne5 Bxe5 26. dxe5 dxc4 27. Rxc4
Nb6 28. Rc3 Rd8 29. e4 fxe4 30. Bxe4 Rd4 31. Bb1 Nd5 32. Qc2 Rd1+ 33. Qxd1 Nxc3
34. Qc2 Nxb1 35. Qxb1 Rd7 36. fxg5 Qxg5 37. Qe4 Rd5 38. Qf3 Qe7 39. Qg4+ Kh7
40. Rf6 Qg7 41. Qxe6 Rd1+ 42. Kf2 Rd2+ 43. Ke1 Rd7 44. Rxh6+ Qxh6 45. Qxd7+ Kg8
46. Qe8+ Kg7 47. Qe7+ Kg8 1/2-1/2